ធរណីវិទ្យា (Record no. 9468)

000 -LEADER
fixed length control field 00283nam a22001217a 4500
040 ## - CATALOGING SOURCE
Transcribing agency SK
082 ## - DEWEY DECIMAL CLASSIFICATION NUMBER
Classification number 589
100 ## - MAIN ENTRY--AUTHOR NAME
Personal name ត្រាន់ ថាន់កាញ់
245 ## - TITLE STATEMENT
Title ធរណីវិទ្យា
260 ## - PUBLICATION, DISTRIBUTION, ETC. (IMPRINT)
Place of publication NA
Name of publisher ត្រាន
Year of publication 1992
300 ## - PHYSICAL DESCRIPTION
Number of Pages 59p.
942 ## - ADDED ENTRY ELEMENTS (KOHA)
Koha item type សៀវភៅភាសាខ្មែរ
952 ## - LOCATION AND ITEM INFORMATION (KOHA)
Withdrawn status [LOCAL, KOHA] 0
952 ## - LOCATION AND ITEM INFORMATION (KOHA)
Withdrawn status [LOCAL, KOHA] 0
952 ## - LOCATION AND ITEM INFORMATION (KOHA)
Withdrawn status [LOCAL, KOHA] 0
952 ## - LOCATION AND ITEM INFORMATION (KOHA)
Withdrawn status [LOCAL, KOHA] 0
952 ## - LOCATION AND ITEM INFORMATION (KOHA)
Withdrawn status [LOCAL, KOHA] 0
952 ## - LOCATION AND ITEM INFORMATION (KOHA)
Withdrawn status [LOCAL, KOHA] 0
952 ## - LOCATION AND ITEM INFORMATION (KOHA)
Withdrawn status [LOCAL, KOHA] 0
952 ## - LOCATION AND ITEM INFORMATION (KOHA)
Withdrawn status [LOCAL, KOHA] 0
952 ## - LOCATION AND ITEM INFORMATION (KOHA)
Withdrawn status [LOCAL, KOHA] 0
Holdings
Permanent Location Date acquired Koha item type Lost status Shelving location Barcode Current Location Full call number
Library Block C2016-09-02សៀវភៅភាសាខ្មែរ C237RUA061392Library Block C589 ត្រាន 1992 C237
Library Block C2016-09-05សៀវភៅភាសាខ្មែរ C250A00105Library Block C589 TRA 1992 C250
Library Block C2016-09-19សៀវភៅភាសាខ្មែរ C161RUA047727Library Block C589​ TRA 1992 C161
Library Block C2016-09-19សៀវភៅភាសាខ្មែរ C161RUA046543Library Block C589​ TRA 1992 C161
Library Block C2016-09-19សៀវភៅភាសាខ្មែរ C161RUA047034Library Block C589​ TRA 1992 C161
Library Block C2016-09-19សៀវភៅភាសាខ្មែរ C161RUA046787Library Block C589​ TRA 1992 C161
Library Block C2016-09-19សៀវភៅភាសាខ្មែរ C161RUA042755Library Block C589​ TRA 1992 C161
Library Block C2016-09-19សៀវភៅភាសាខ្មែរ C161RUA042673Library Block C589​ TRA 1992 C161
Library Block C2016-10-11សៀវភៅភាសាខ្មែរ C166RUA41614Library Block C589​ ត្រាន 1992 C166
មជ្ឈមណ្ឌលឯការនៃសាកលវិទ្យាល័យភូមិន្ទកសិកម្មចំការដូង

Powered by Koha